La moza Tudor (Record no. 129473)

MARC details
000 -LEADER
campo de control de longitud fija 00786nam a2200217 i 4500
001 - NÚMERO DE CONTROL
campo de control 129473
003 - IDENTIFICADOR DE NÚMERO DE CONTROL
campo de control ES-MaACL
005 - FECHA Y HORA DE LA ÚLTIMA TRANSACCIÓN
campo de control 20230906193516.0
007 - CAMPO FIJO DE DESCRIPCIÓN FÍSICA--INFORMACIÓN GENERAL
campo de control de longitud fija t|
008 - DATOS DE LONGITUD FIJA--INFORMACIÓN GENERAL
campo de control de longitud fija 070615s1945 ag ||||1| spa d
080 ## - NÚMERO DE LA CLASIFICACIÓN DECIMAL UNIVERSAL
Número de la Clasificación Decimal Universal 92 Isabel (42) I
080 ## - NÚMERO DE LA CLASIFICACIÓN DECIMAL UNIVERSAL
Número de la Clasificación Decimal Universal 942"1558/603"
100 1# - ENTRADA PRINCIPAL--NOMBRE DE PERSONA
Nombre de persona Thane, Elswyth.
9 (RLIN) 109864
245 13 - MENCIÓN DEL TÍTULO
Título La moza Tudor
Resto del título : la juventud novelesca y amorosa de Isabel de Inglaterra /
Mención de responsabilidad, etc. Elswyth Thane ; traducción de Herta M. E. de Jacobsen.
260 ## - PUBLICACIÓN, DISTRIBUCIÓN, ETC.
Lugar de publicación, distribución, etc. Buenos Aires :
Nombre del editor, distribuidor, etc. Mundo Atlántico (
Fabricante Compañía Impresora Argentina)
300 ## - DESCRIPCIÓN FÍSICA
Extensión 377 p., 3 h. lám. I-IV ;
Dimensiones 23 cm.
500 ## - NOTA GENERAL
Nota general Ret. de la biografiada.
600 14 - PUNTO DE ACCESO ADICIONAL DE MATERIA--NOMBRE DE PERSONA
Nombre de persona Isabel
Numeración I
Títulos y otros términos asociados al nombre Reina de Inglaterra (
Fechas asociadas al nombre 1533-1603)
9 (RLIN) 162921
700 1# - ENTRADA AGREGADA--NOMBRE PERSONAL
Nombre de persona Jacobsen, Herta M. E. de.
9 (RLIN) 65854
852 ## - LOCALIZACIÓN
Ubicación ES-MaACL
Número de control de estantería A-2645
Sublocalización o colección R.22689
Holdings
Estatus retirado Estado de pérdida Estado de daño No para préstamo Biblioteca de origen Biblioteca actual Ubicación en estantería Fecha de adquisición Fuente de adquisición Total de préstamos Signatura topográfica completa Código de barras Visto por última vez Precio de reemplazo Tipo de ítem Koha
        Biblioteca del Ateneo de Madrid Biblioteca del Ateneo de Madrid Sala Pecera Planta 1 17/01/2008     A-2645 1134826 23/02/2023 23/02/2023 Libro impreso